| 000 | 00943nam a2200313 i 4500 | ||
|---|---|---|---|
| 001 | 54495 | ||
| 003 | KOSZ 005 | ||
| 005 | 20211227135809.0 | ||
| 008 | 080514s2007 pl a f |001 0 pol | ||
| 015 | _aPB 2008/12435 | ||
| 020 | _a9788324608751 | ||
| 040 |
_aWA N _cWA N _dKOSZ 005/HR |
||
| 046 | _k2007 | ||
| 080 | _a004.438 | ||
| 080 | _a(07) | ||
| 100 | 1 |
_aOwczarek, Mariusz _eAutor |
|
| 245 | 1 | 0 |
_aAplikacje w Visual C++ 2005 : _bprzykłady / _cMariusz Owczarek. |
| 260 |
_aGliwice : _bWydawnictwo Helion, _ccop. 2007. |
||
| 300 |
_a208, [7] s. : _bil. ; _c24 cm. |
||
| 380 | _aKsiążki | ||
| 388 | _a2001- | ||
| 504 | _aIndeks. | ||
| 650 | 4 | _aVisual C++ | |
| 655 | 4 | _aPodręcznik | |
| 658 | _aInformatyka i technologie informacyjne | ||
| 710 | 2 |
_aHelion _4pbl. |
|
| 856 |
_uhttp://koha.tu.koszalin.pl/cgi-bin/koha/opac-detail.pl?biblionumber=54495 _yKatalog online BPK |
||
| 942 |
_2UKD _cKS |
||
| 999 |
_c54495 _d54495 |
||